000 00297nam a2200109Ia 4500
008 190914s9999||||xx |||||||||||||| ||und||
100 _aIvan Plander
245 0 _aArtificial Intelligence and Information Control Systems of Robots
260 _aLondon
_bAddison
_c1974
300 _a487
942 _cBK
999 _c8528
_d8528